| 000 | 00601nam a2200169Ia 4500 | ||
|---|---|---|---|
| 003 | GCL | ||
| 008 | 140319s9999 xx 000 0 ara d | ||
| 040 |
_aGCL / _cGCL |
||
| 082 | 0 | 4 |
_a346.066 _bع ق |
| 245 | 1 | 0 |
_aقانون الشركات ولائحته التنفيذية : _bوالتشريعات المكملة له طبقا لاحدث التعديلات |
| 300 |
_a296 ص ؛ _c17 سم |
||
| 650 | 0 | 4 | _aالاستثمار |
| 650 | 0 | 4 | _aراس المال |
| 650 | 0 | 4 | _aالاستثمار- قوانين و تشريعات |
| 650 | 0 | 4 | _aالشركات - قوانين وتشريعات |
| 942 |
_2ddc _cBK |
||
| 999 |
_c6352 _d6352 |
||